[Event "Omsk City-ch"]
[Site "Omsk"]
[Date "2008.02.08"]
[Round "4"]
[White "Boichuk, Alexei"]
[Black "Kasatkin, Pavel"]
[Result "0-1"]
[WhiteElo "2121"]
[BlackElo "2205"]
[PlyCount "122"]
[EventDate "2008.02.06"]
[EventType "swiss"]
[EventRounds "11"]
[EventCountry "RUS"]
[SourceTitle "EXT 2009"]
[Source "ChessBase"]
[SourceDate "2008.11.26"]
[SourceVersion "1"]
[SourceVersionDate "2008.11.26"]
[SourceQuality "1"]

1. d4 Nf6 2. c4 d6 3. Nc3 e5 4. d5 g6 5. e4 Bg7 6. Bd3 0-0 7. h3 Nh5 8. g4 Nf4 9. Nge2 Ng2+ 10. Kf1 Nh4 11. Ng3 Bf6 12. Bh6 Bg7 13. Qd2 Nf3 14. Qe3 Bxh6 15. Qxh6 Qh4 16. Qxh4 Nxh4 17. Ke2 Na6 18. Rag1 Bd7 19. Ke3 h6 20. a3 Nc5 21. b4 Nxd3 22. Kxd3 a5 23. b5 b6 24. Nce2 Kh7 25. f4 exf4 26. Nxf4 Rae8 27. Re1 Re5 28. Kc3 Rfe8 29. Nd3 R5e7 30. Ref1 f5 31. exf5 gxf5 32. gxf5 Re3 33. Nh5 Rf8 34. Re1 Rxe1 35. Rxe1 Nxf5 36. Ndf4 Rf7 37. Ne6 Bc8 38. Nd8 Rf8 39. Re8 Rxe8 40. Nf6+ Kg6 41. Nxe8 Ng7 42. Nxc7 Bxh3 43. Nb7 Nf5 44. Ne8 h5 45. Nbxd6 h4 46. Ne4 Bg2 47. Nf2 Kf7 48. Nc7 Nd6 49. Na8 Ne4+ 50. Nxe4 Bxe4 51. Nxb6 Bf5 52. c5 h3 53. Nc4 h2 54. c6 h1Q 55. Kd4 Qg1+ 56. Ke5 Qg3+ 57. Kxf5 Qd3+ 58. Ke5 Qxc4 59. b6 Qe2+ 60. Kf5 Qf2+ 61. Ke5 Qxb6 0-1

[Event "Omsk-ch sf op"]
[Site "Omsk"]
[Date "2007.12.08"]
[Round "7"]
[White "Zikunov, B."]
[Black "Kasatkin, Pavel"]
[Result "1-0"]
[WhiteElo "2224"]
[BlackElo "2200"]
[PlyCount "81"]
[EventDate "2007.12.01"]
[EventType "swiss"]
[EventRounds "9"]
[EventCountry "RUS"]
[SourceTitle "EXT 2022"]
[Source "ChessBase"]
[SourceDate "2021.10.06"]
[SourceVersion "1"]
[SourceVersionDate "2021.10.06"]
[SourceQuality "1"]

1. e4 g6 2. g3 Bg7 3. Bg2 d6 4. Ne2 e5 5. 0-0 Ne7 6. d4 0-0 7. Nbc3 Nbc6 8. d5 Nd4 9. Nxd4 exd4 10. Ne2 c5 11. dxc6 Nxc6 12. Nf4 Ne7 13. a4 Bd7 14. b3 a5 15. Bb2 Qb6 16. Qd2 Nc6 17. Nd5 Qd8 18. c3 Be6 19. cxd4 Bxd5 20. exd5 Nb4 21. Rac1 Rc8 22. Rxc8 Qxc8 23. Ba3 Qd7 24. Bxb4 axb4 25. Rc1 Qg4 26. Qxb4 Bxd4 27. Kh1 Qg5 28. f4 Qf6 29. Qxb7 Bc5 30. Qb5 Qb2 31. Rf1 Bd4 32. f5 g5 33. Qd7 Bf6 34. a5 Ra8 35. Qb5 Rc8 36. a6 Bd4 37. f6 Qa2 38. Qd3 Rc2 39. Qe4 Be5 40. a7 Rc7 41. Qf5 1-0

[Event "Omsk-ch sf op"]
[Site "Omsk"]
[Date "2007.12.06"]
[Round "5"]
[White "Shkurkin, Nikolai"]
[Black "Kasatkin, Pavel"]
[Result "1/2-1/2"]
[WhiteElo "2191"]
[BlackElo "2200"]
[PlyCount "51"]
[EventDate "2007.12.01"]
[EventType "swiss"]
[EventRounds "9"]
[EventCountry "RUS"]
[SourceTitle "EXT 2022"]
[Source "ChessBase"]
[SourceDate "2021.10.06"]
[SourceVersion "1"]
[SourceVersionDate "2021.10.06"]
[SourceQuality "1"]

1. Nf3 d5 2. d4 e6 3. c4 Nf6 4. g3 Be7 5. Bg2 0-0 6. 0-0 b6 7. Ne5 Bb7 8. Nc3 Na6 9. Bg5 h6 10. Bf4 c5 11. cxd5 exd5 12. Nb5 Ne4 13. Rc1 Qe8 14. a4 cxd4 15. Nf3 Qd7 16. Nfxd4 Bc5 17. Nb3 Bc6 18. Nxc5 Naxc5 19. b4 Ne6 20. Bxe4 dxe4 21. Qxd7 Bxd7 22. Rc4 Bxb5 23. axb5 Nxf4 24. gxf4 Rfd8 25. Rxe4 Rd5 26. Ra1 1/2-1/2

[Event "Omsk-ch sf op"]
[Site "Omsk"]
[Date "2007.12.05"]
[Round "4"]
[White "Kasatkin, Pavel"]
[Black "Khizhniak, Alexei"]
[Result "1-0"]
[WhiteElo "2200"]
[BlackElo "2113"]
[PlyCount "111"]
[EventDate "2007.12.01"]
[EventType "swiss"]
[EventRounds "9"]
[EventCountry "RUS"]
[SourceTitle "EXT 2022"]
[Source "ChessBase"]
[SourceDate "2021.10.06"]
[SourceVersion "1"]
[SourceVersionDate "2021.10.06"]
[SourceQuality "1"]

1. d4 Nf6 2. Nf3 g6 3. g3 Bg7 4. Bg2 0-0 5. 0-0 d6 6. Nc3 Nbd7 7. e4 c6 8. e5 dxe5 9. dxe5 Nd5 10. Qe2 N7b6 11. Ne4 h6 12. Rd1 Qe8 13. Nc5 Nd7 14. Nd3 N7b6 15. a4 a5 16. Bd2 Nc4 17. Be1 Bg4 18. b3 Ncb6 19. c4 Nc7 20. h3 Bxf3 21. Bxf3 Ne6 22. Qe3 Nd7 23. Bc3 Qb8 24. Bg2 Qa7 25. Qe4 Rfd8 26. Kh2 Ndc5 27. Nxc5 Nxc5 28. Qc2 Qb6 29. Rab1 Rxd1 30. Qxd1 Rd8 31. Qe1 Nd3 32. Bxa5 Qc5 33. Qd2 Rd7 34. e6 fxe6 35. Qe2 e5 36. Rd1 Nf4 37. gxf4 Rxd1 38. Qxd1 Qxa5 39. Be4 Qc5 40. Qf3 Qd6 41. f5 g5 42. Kg2 Bf6 43. a5 Qa3 44. Qc3 h5 45. c5 Kg7 46. Kf3 Kh6 47. Qc4 Kg7 48. Qc3 Kh6 49. Kg3 Kg7 50. Kg2 Kh6 51. Qc4 Kg7 52. b4 Qa4 53. Bf3 h4 54. Bh5 Kh8 55. Qf7 Bg7 56. Bg6 1-0

[Event "Omsk-ch sf op"]
[Site "Omsk"]
[Date "2007.12.01"]
[Round "1"]
[White "Barakin, Gennady"]
[Black "Kasatkin, Pavel"]
[Result "0-1"]
[WhiteElo "2004"]
[BlackElo "2200"]
[PlyCount "70"]
[EventDate "2007.12.01"]
[EventType "swiss"]
[EventRounds "9"]
[EventCountry "RUS"]
[SourceTitle "EXT 2022"]
[Source "ChessBase"]
[SourceDate "2021.10.06"]
[SourceVersion "1"]
[SourceVersionDate "2021.10.06"]
[SourceQuality "1"]

1. e4 e5 2. Nf3 Nf6 3. Nc3 Bb4 4. d3 Nc6 5. Be2 d5 6. 0-0 Bxc3 7. bxc3 dxe4 8. Ng5 exd3 9. cxd3 0-0 10. f4 exf4 11. Rxf4 Nd5 12. Rc4 Na5 13. Rc5 b6 14. Rxd5 Qxd5 15. Bf3 Qc5+ 16. d4 Qxc3 17. Bf4 Bb7 18. Bxb7 Nxb7 19. Rc1 Qb2 20. Qd3 g6 21. Ne4 Rad8 22. Nf6+ Kg7 23. Ng4 f6 24. Bh6+ Kh8 25. Rd1 Rf7 26. Qc4 Nd6 27. Qe6 Re8 28. Qd5 Qe2 29. Qf3 Qxf3 30. gxf3 Nf5 31. Bf4 h5 32. Nf2 Nh4 33. Rc1 g5 34. Bg3 Nxf3+ 35. Kg2 Nxd4 0-1